000 00301nam a22001337a 4500
008 170523b xxu||||| |||| 00| 0 eng d
020 _a9780195327595
041 _aeng
080 _a94
100 _a16
101 _aSHH
245 _aMODERN MIDDLE ERST A HISTORY
_cGELVIN.J.L
942 _2udc
_cBK
999 _c13910
_d13910